000 00686nam a22002057a 4500
003 0
005 20250910094107.0
008 250910b xxu||||| |||| 00| 0 eng d
020 _a978-1-266-87028-6
050 _aHB 615
_b.B36 2024
100 _aBamford, Charles E.,
_eauthor.
245 _aEntrepreneurship :
_bthe art, science, and process for success /
_cCharles E. Bamford and Garry D. Bruton.
260 _aNew York, NY :
_bMcGraw Hill LLC,
_c2024.
300 _axxvi, 337 pages :
_bcolored illustrations ;
_c28 cm.
504 _aIncludes index.
650 _aEntrepreneurship.
650 _aNew business enterprises.
700 _aBruton, Garry D.,
_eauthor.
942 _2lcc
_cBK
999 _c367863
_d367863